[Event "Dubai op 21st"]
[Site "Dubai"]
[Date "2019.04.01"]
[Round "1"]
[White "Abdusattorov, Nodirbek"]
[Black "Mihoubi, Saad"]
[Result "1-0"]
[WhiteElo "2560"]
[BlackElo "2088"]
[PlyCount "47"]
[EventDate "2019.04.01"]
[EventType "swiss"]
[EventRounds "9"]
[EventCountry "UAE"]
[SourceTitle "CBM 189 Extra"]
[Source "ChessBase"]
[SourceDate "2019.06.03"]
[SourceVersion "1"]
[SourceVersionDate "2019.06.03"]
[SourceQuality "1"]

1. e4 c5 2. Nf3 d6 3. d4 Nf6 4. Nc3 cxd4 5. Nxd4 Nc6 6. Bc4 e6 7. Be3 Be7 8. 0-0 0-0 9. f4 a6 10. Bb3 Qc7 11. f5 Nxd4 12. Bxd4 b5 13. fxe6 Bxe6 14. Kh1 Rfe8 15. Qf3 Rf8 16. Rae1 Bc4 17. Qg3 Nh5 18. Qg4 g6 19. Nd5 Bxd5 20. Bxd5 Rad8 21. Rf2 Qd7 22. Qf3 Ng7 23. Bxf7+ Kh8 24. Qc3 1-0

[Event "Sharjah Masters 3rd"]
[Site "Sharjah"]
[Date "2019.03.26"]
[Round "5"]
[White "Mihoubi, Saad"]
[Black "Mullick, Raahil"]
[Result "0-1"]
[WhiteElo "2088"]
[BlackElo "2275"]
[PlyCount "122"]
[EventDate "2019.03.22"]
[EventType "swiss"]
[EventRounds "9"]
[EventCountry "UAE"]
[SourceTitle "CBM 189 Extra"]
[Source "ChessBase"]
[SourceDate "2019.06.03"]
[SourceVersion "1"]
[SourceVersionDate "2019.06.03"]
[SourceQuality "1"]

1. d4 Nf6 2. Nf3 g6 3. e3 Bg7 4. c4 0-0 5. Nc3 d6 6. Be2 Nbd7 7. 0-0 e5 8. Qc2 Qe7 9. b3 Re8 10. Bb2 e4 11. Nd2 Nf8 12. Nd5 Nxd5 13. cxd5 Bf5 14. Rfc1 Rac8 15. b4 h5 16. b5 g5 17. a4 Bg6 18. Ra3 Nd7 19. Nc4 b6 20. Qb3 f5 21. a5 f4 22. axb6 axb6 23. Ra7 f3 24. gxf3 exf3 25. Bxf3 Rf8 26. Bg2 g4 27. Nd2 Qf6 28. Rf1 Bh6 29. Qc3 Rf7 30. f4 gxf3 31. Nxf3 Re8 32. Ne5 Qh4 33. Nxg6 Rxf1+ 34. Kxf1 Qg4 35. e4 Qxg6 36. Rxc7 Rf8+ 37. Kg1 h4 38. Rxd7 Qg4 39. Qe1 h3 40. Qg3 Be3+ 41. Kh1 hxg2+ 42. Qxg2 Qxg2+ 43. Kxg2 Rf2+ 44. Kg3 Rxb2 45. Rxd6 Bxd4 46. Re6 Kf7 47. Kf4 Rxb5 48. Rc6 Rb2 49. Rc7+ Kf6 50. Rc6+ Ke7 51. Rc7+ Kd6 52. Rc6+ Kd7 53. e5 Rxh2 54. e6+ Ke7 55. Rc7+ Kf6 56. Rf7+ Kg6 57. Rb7 Re2 58. Rb8 Be5+ 59. Kf3 Bxb8 60. Kxe2 Bd6 61. Kd3 b5 0-1

[Event "Sharjah Masters 3rd"]
[Site "Sharjah"]
[Date "2019.03.24"]
[Round "3"]
[White "Assaubayeva, Bibissara"]
[Black "Mihoubi, Saad"]
[Result "1-0"]
[WhiteElo "2376"]
[BlackElo "2088"]
[PlyCount "61"]
[EventDate "2019.03.22"]
[EventType "swiss"]
[EventRounds "9"]
[EventCountry "UAE"]
[SourceTitle "CBM 189 Extra"]
[Source "ChessBase"]
[SourceDate "2019.06.03"]
[SourceVersion "1"]
[SourceVersionDate "2019.06.03"]
[SourceQuality "1"]

1. d4 d5 2. c4 Nf6 3. Nf3 e6 4. Nc3 c6 5. Bg5 Be7 6. e3 0-0 7. Qc2 Nbd7 8. Rd1 h6 9. Bh4 dxc4 10. Bxc4 b5 11. Bd3 Bb7 12. 0-0 Qb6 13. Ne5 Bd6 14. Nxd7 Nxd7 15. Ne4 Qc7 16. h3 Bh2+ 17. Kh1 g5 18. Bg3 Bxg3 19. Nxg3 Nf6 20. Bxb5 Rfc8 21. Be2 a5 22. Rc1 a4 23. Bf3 Ra5 24. Qd2 Qb6 25. Rc2 Rb5 26. Rfc1 Kg7 27. Be2 Rd5 28. Rc5 Rcd8 29. Qc3 Rb8 30. Bf3 Rdd8 31. d5 1-0